| 000 | 00647nam a2200217 u 4500 | ||
|---|---|---|---|
| 005 | 20241203063742.0 | ||
| 008 | 111019s2007 r 000 0 eng d | ||
| 020 | _a9789580497646 | ||
| 035 | _aUPN01000182259 | ||
| 049 | _aI | ||
| 050 | 4 |
_aPZ74.7 _bD3.3 |
|
| 100 | 1 |
_aDa Coll, Ivar, _d1962- _932700 |
|
| 245 | 1 | 4 |
_aLos dinosaurios ; Supongamos / _cIvar Da Coll. |
| 260 |
_aBogotá : _bNorma, _c2007. |
||
| 300 |
_a64 p. : _bPrincipalmente il. col. |
||
| 440 | 0 |
_aTorre de papel. _pNaranja |
|
| 650 | 0 |
_aCuentos infantiles colombianos _94407 |
|
| 650 | 4 |
_aDinosaurios _vLiteratura infantil _99370 |
|
| 740 | 0 | _aSupongamos | |
| 905 | _aInfantil | ||
| 999 |
_c154362 _d154362 |
||